Statistics for Every NBA Scoring Champion

Click here to take the quiz!

General Stats

  • This quiz has been taken 47 times
  • The average score is 59 of 76

Answer Stats

SeasonTeamPPG:Player% Correct
2019-20Rockets34.3James Harden
100%
2018-19Rockets36.1James Harden
100%
2017-18Rockets30.4James Harden
100%
2007-08Cavaliers30.0Lebron James
100%
1969-70Lakers31.2Jerry West
97%
2009-10Thunder30.1Kevin Durant
97%
2013-14Thunder32.0Kevin Durant
97%
2011-12Thunder28.0Kevin Durant
97%
2010-11Thunder27.7Kevin Durant
97%
2005-06Lakers35.4Kobe Bryant
97%
2006-07Lakers31.6Kobe Bryant
97%
1996-97Bulls29.6Michael Jordan
97%
1986-87Bulls37.1Michael Jordan
97%
1995-96Bulls30.4Michael Jordan
97%
1992-93Bulls32.6Michael Jordan
97%
1991-92Bulls30.1Michael Jordan
97%
1987-88Bulls35.0Michael Jordan
97%
1997-98Bulls28.7Michael Jordan
97%
1990-91Bulls31.5Michael Jordan
97%
1988-89Bulls32.5Michael Jordan
97%
1989-90Bulls33.6Michael Jordan
97%
2014-15Thunder28.1Russell Westbrook
97%
2016-17Thunder31.6Russell Westbrook
97%
2020-21Warriors32.0Stephen Curry
97%
2015-16Warriors30.1Stephen Curry
97%
2008-09Heat30.2Dwyane Wade
95%
1999-00Lakers29.7Shaquille O'Neal
95%
1994-95Magic29.3Shaquille O'Neal
95%
1964-6576ers34.7Wilt Chamberlain
95%
1965-6676ers33.5Wilt Chamberlain
95%
1963-64Warriors36.9Wilt Chamberlain
95%
1962-63Warriors44.8Wilt Chamberlain
95%
1961-62Warriors50.4Wilt Chamberlain
95%
1960-61Warriors38.4Wilt Chamberlain
95%
1959-60Warriors37.6Wilt Chamberlain
95%
2000-0176ers31.1Allen Iverson
92%
2004-0576ers30.7Allen Iverson
92%
2001-0276ers31.4Allen Iverson
92%
1998-9976ers26.8Allen Iverson
92%
2021-2276ers30.6Joel Embiid
92%
1970-71Bucks31.4Kareem Abdul-Jabbar
90%
1971-72Bucks34.0Kareem Abdul-Jabbar
90%
2012-13Knicks28.7Carmelo Anthony
87%
1993-94Spurs29.8David Robinson
87%
1985-86Hawks30.3Dominique Wilkins
77%
2003-04Magic28.0Tracy McGrady
77%
2002-03Magic32.1Tracy McGrady
77%
1982-83Nuggets28.4Alex English
69%
1958-59Hawks29.2Bob Pettit
69%
1955-56Hawks25.7Bob Pettit
69%
1981-82Spurs32.3George Gervin
69%
1978-79Spurs29.6George Gervin
69%
1977-78Spurs7.22George Gervin
69%
1979-80Spurs33.1George Gervin
69%
1949-50Lakers27.4George Mikan
67%
1950-51Lakers28.4George Mikan
67%
1948-49Lakers28.3George Mikan
67%
1966-67Warriors35.6Rick Barry
67%
1974-75Braves30.6Bob McAdoo
62%
1975-76Braves34.5Bob McAdoo
62%
1973-74Braves34.0Bob McAdoo
62%
1976-77Jazz31.1Pete Maravich
62%
1983-84Jazz30.6Adrian Dantley
51%
1980-81Jazz30.7Adrian Dantley
51%
1984-85Knicks32.9Bernard King
51%
1968-69Rockets28.4Elvin Hayes
46%
1967-68Pistons27.1Dave Bing
38%
1972-73Kings30.6Nate Archibald
38%
1956-57Warriors25.6Paul Arizin
38%
1951-52Warriors25.4Paul Arizin
38%
1946-47Warriors23.2Joe Fulks
23%
1954-55Warriors22.7Neil Johnston
23%
1953-54Warriors24.5Neil Johnston
23%
1952-53Warriors22.3Neil Johnston
23%
1957-58Pistons27.8George Yardley
21%
1947-48Stags21.0Max Zaslofsky
15%

Score Distribution

Percentile by Number Answered

Percent of People with Each Score

Your Score History

You have not taken this quiz